000 00941cam a2200301 a 4500
001 16846299
003 SISC
005 20160616144543.0
008 110627s2011 ph b 000 0 eng
010 _a 2011308207
020 _a9789712360077
040 _aDLC
_cDLC
_dDLC
042 _alcode
_apcc
043 _aa-ph---
050 0 0 _aKPM 1750
_b.D43 2011
100 1 _aDe Leon, Hector S.
245 1 0 _aTextbook on the Philippine Constitution /
_cby Hector S. De Leon, Hector M. De Leon, Jr.
246 3 0 _aPhilippine Constitution
250 _a2011 edition.
260 _aManila, Philippines :
_bPublished & distributed by Rex Book Store,
_c2011.
300 _ali, 801 pages ;
_c23 cm.
500 _aIncludes bibliographical references.
650 0 _aConstitutional law
_zPhilippines.
700 1 _aDe Leon, Hector M.
906 _a7
_bcbc
_corigode
_d2
_encip
_f20
_gy-gencatlg
942 _2lcc
_cBK
999 _c295955
_d295955